00838 2200301 4500001002100000005001500021035002000036007000300056020002200059040001200081082001500093100002500108245006700133250002600200260003400226300004400260650003000304700001500334850001200349041000800361084001700369090002100386090002200407008004100429999002200470990002200492990002200514INLIS00000000003566920191217092557 a0010-0618000065ta a978-602-6673-41-1 aYOPDYOG04223a808.830 aRizqi Turama,d1990-1 aTeriakan dalam bungkam /cRizqi Turama; penyunting, Erlinadani aCetakan Pertama, 2017 aYogyakarta :bHisteria,c2017 a220 halaman :bilustrasi, foto ;c20 cm 4aCerita pendek--xKumpulan0 aErlinadani aYOPDYOG0 aind a808.83 RIZ t aDEP 808.83 RIZ t aCB-D.11 2017-2593180605s2017 yoia g ind d aCB-D.11/2017-2593 aCB-D.11/2017-2593 aCB-D.11/2017-2593